Who's who in the New Testament. (Record no. 5073)

000 -LEADER
fixed length control field 00713nam a2200205 a 4500
001 - CONTROL NUMBER
control field :::00002814$&:&@@
003 - CONTROL NUMBER IDENTIFIER
control field OkBaRHE
005 - DATE AND TIME OF LATEST TRANSACTION
control field 20000607103257.0
008 - FIXED-LENGTH DATA ELEMENTS--GENERAL INFORMATION
fixed length control field s1972 j 000 0 eng u
020 ## - INTERNATIONAL STANDARD BOOK NUMBER
International Standard Book Number 0030862620
040 ## - CATALOGING SOURCE
Transcribing agency
100 1# - MAIN ENTRY--PERSONAL NAME
Personal name Brownrigg, Ronald.
245 10 - TITLE STATEMENT
Title Who's who in the New Testament.
Statement of responsibility, etc Advisory editors for this volume: Canon E. Every [and] Wolfgang E. Pax.
250 ## - EDITION STATEMENT
Edition statement [1st ed.]
260 ## - PUBLICATION, DISTRIBUTION, ETC. (IMPRINT)
Place of publication, distribution, etc New York, NY., :
Name of publisher, distributor, etc Holt, Rinehart and Winston
Date of publication, distribution, etc 1972
300 ## - PHYSICAL DESCRIPTION
Extent 448 p. ;
Dimensions : illus. : ; 26 cm.
650 ## - SUBJECT ADDED ENTRY--TOPICAL TERM
Topical term or geographic name as entry element Bible New Testament
General subdivision Biography
-- Dictionaries
942 ## - ADDED ENTRY ELEMENTS (KOHA)
Source of classification or shelving scheme
Koha item type Books
Copies
Copy number Lost status Barcode Withdrawn status Date last seen Damaged status Permanent Location Price effective from Source of classification or shelving scheme Date acquired Not for loan Koha item type Full call number Shelving location
1 2814 2018-03-16 RHEMA Bible Training College2010-04-14 2010-04-14 BooksBS 2430 .B67General Stacks